Statistics for Premiers of British Columbia

Click here to take the quiz!

General Stats

  • This quiz has been taken 7 times
  • The average score is 14 of 22

Answer Stats

TenureNameParty% Correct
2011 - 2017Christy ClarkLiberal
100%
2022 - presentDavid EbyNew Democratic
100%
1996 - 1999Glen ClarkNew Democratic
100%
2001 - 2011Gordon CampbellLiberal
100%
2017 - 2022John HorganNew Democratic
100%
1975 - 1986Bill BennettSocial Credit
71%
1999 - 2000Dan MillerNew Democratic
71%
1991 - 1996Mike HarcourtNew Democratic
71%
2000 - 2001Ujjal DosanjhNew Democratic
71%
1952 - 1972W.A.C BennettSocial Credit
71%
1986 - 1991Bill Vander ZalmSocial Credit
57%
1947 - 1952Boss JohnsonLiberal
57%
1972 - 1975Dave BarrettNew Democratic
57%
1991Rita JohnstonSocial Credit
57%
1933 - 1941Duff PattuloLiberal
43%
1941 - 1947John HartLiberal
43%
1928 - 1933Simon Fraser TolmieConservative
43%
1916 - 1918Harlan Carey BrewsterLiberal
29%
1927 - 1928John Duncan MacLeanLiberal
29%
1918 - 1927John OliverLiberal
29%
1903 - 1915Richard McBrideConservative
29%
1915 - 1916William John BowserConservative
29%

Score Distribution

Percentile by Number Answered

Percent of People with Each Score

Your Score History

You have not taken this quiz